000 00385nam a2200145Ia 4500
005 20250729165729.0
008 250729s2010 xx 000 0 und d
041 _aeng
082 _a370.75 SAFC
100 _aR N Safaya
_9231599
245 _aCurrent Problems in Indian Education
260 _aNewdelhi
_bDanpat Rai Publication
_c2010
300 _a368p
650 _aEducation
_9231600
999 _c239362
_d239362